000 00496nam a2200181Ia 4500
005 20250326125554.0
008 250326s9999 xx 000 0 und d
037 _aTextbook
040 _aFMSL
_beng
_cFMSL
041 _aeng
_2eng
084 _aX:51 K8
_qFMSL
100 _aStraton-ferrier J D
_9739324
245 0 _aCareers in marketing
_cStraton-ferrier J D
260 _aLondon
_bLondon, Pan Books
_c1968
300 _a171p
942 _cTB
_hX:51 K8
999 _c1278629
_d1278629